| 000 | 00576nam a22001817a 4500 | ||
|---|---|---|---|
| 005 | 20170921143458.0 | ||
| 010 | _aENG-120438 | ||
| 020 |
_c500.00 _a9789350732403 |
||
| 035 | _aEN-103970 | ||
| 037 | _bDBAD/PUB | ||
| 082 | _a759.2 | ||
| 100 | _aMirza,Jamshed | ||
| 245 |
_aMy paintings in hyde park & people I met during: _cby-Jamshed Mirza _b2011-2013 / |
||
| 260 |
_aDelhi _bEducational Publishing House _c2013 |
||
| 270 |
_bDelhi _a3108,Vakil Street,Kucha Pandit,Lal Kuan _e6 |
||
| 300 |
_a120p. _c22cm(H.b) _bill.(col.) |
||
| 942 |
_cEN _h759.2 _mMIR _2ddc |
||
| 999 |
_c145151 _d145151 |
||